[Event "HUN-chT2 Barcza 1819"]
[Site "Hungary"]
[Date "2018.10.07"]
[Round "2.10"]
[White "Karacsony, Zsolt"]
[Black "Gerebenics, Peter"]
[Result "1-0"]
[WhiteElo "2026"]
[BlackElo "1974"]
[PlyCount "49"]
[EventDate "2018.09.23"]
[EventType "team-tourn"]
[EventRounds "11"]
[EventCountry "HUN"]
[SourceTitle "CBM 189 Extra"]
[Source "ChessBase"]
[SourceDate "2019.06.03"]
[SourceVersion "1"]
[SourceVersionDate "2019.06.03"]
[SourceQuality "1"]
[WhiteTeam "Szirmabesenyo"]
[BlackTeam "Nyiregyhaza"]
[WhiteTeamCountry "HUN"]
[BlackTeamCountry "HUN"]

1. e4 c5 2. c4 Nc6 3. Nc3 e6 4. d3 Nf6 5. Bg5 Be7 6. Nf3 h6 7. Bh4 d5 8. exd5 exd5 9. Bxf6 Bxf6 10. Nxd5 0-0 11. Qd2 Re8+ 12. Be2 Nd4 13. Nxd4 Bxd4 14. 0-0 Qd6 15. Bf3 Bf5 16. Rfe1 Kf8 17. Rad1 Rac8 18. a3 b6 19. b4 Qg6 20. Rxe8+ Rxe8 21. Re1 Rxe1+ 22. Qxe1 Bxd3 23. Qe7+ Kg8 24. Qe8+ Kh7 25. Ne7 1-0

[Event "HUN-chT2 Barcza 0809"]
[Site "Hungary"]
[Date "2009.01.11"]
[Round "5.12"]
[White "Gerebenics, Peter"]
[Black "Csorsz, Ferenc Jr"]
[Result "1-0"]
[WhiteElo "1982"]
[BlackElo "1848"]
[PlyCount "120"]
[EventDate "2008.10.26"]
[EventType "team-tourn"]
[EventRounds "11"]
[EventCountry "HUN"]
[SourceTitle "EXT 2010"]
[Source "ChessBase"]
[SourceDate "2010.11.25"]
[SourceVersion "1"]
[SourceVersionDate "2010.11.25"]
[SourceQuality "1"]
[WhiteTeam "Piremon"]
[BlackTeam "Nyiregyhaza"]
[WhiteTeamCountry "HUN"]
[BlackTeamCountry "HUN"]

1. e4 d5 2. exd5 Qxd5 3. Nc3 Qd6 4. d4 Nf6 5. Nf3 Bf5 6. Bd3 Bg6 7. 0-0 e6 8. Bg5 Be7 9. Bxf6 Bxf6 10. Ne4 Bxe4 11. Bxe4 Nc6 12. c3 0-0 13. Qc2 g6 14. Rad1 Rab8 15. Rfe1 Rfe8 16. Ne5 Nxe5 17. dxe5 Qxe5 18. Bc6 Qxe1+ 19. Rxe1 bxc6 20. Rd1 Rb6 21. g3 Be5 22. Qe4 Bd6 23. b3 c5 24. Qa4 Reb8 25. Qxa7 Kg7 26. c4 Kf8 27. Qa3 Ke7 28. Qc1 Kf8 29. Rd3 Kg7 30. h4 h5 31. Kg2 Ra8 32. a4 Rb4 33. Qg5 f6 34. Qe3 Re8 35. f3 Rb6 36. g4 hxg4 37. fxg4 Rbb8 38. Qf3 e5 39. Qc6 Red8 40. a5 Ra8 41. a6 Kf7 42. Rd2 Ra7 43. Ra2 Ke7 44. Ra5 Rb8 45. Rb5 Rba8 46. Ra5 Rb8 47. Qa4 Rb4 48. Qa2 Rb6 49. h5 f5 50. h6 Kf6 51. gxf5 gxf5 52. b4 cxb4 53. h7 Kg7 54. c5 Rb8 55. cxd6 b3 56. dxc7 Rxc7 57. a7 bxa2 58. axb8Q Rc2+ 59. Kf1 Kxh7 60. Qb7+ Kg6 1-0

[Event "HUN-chT2 Barcza 0809"]
[Site "Hungary"]
[Date "2008.11.30"]
[Round "3.11"]
[White "Gerebenics, Peter"]
[Black "Daroczy, Sandor"]
[Result "1/2-1/2"]
[WhiteElo "1982"]
[BlackElo "1985"]
[PlyCount "25"]
[EventDate "2008.10.26"]
[EventType "team-tourn"]
[EventRounds "11"]
[EventCountry "HUN"]
[SourceTitle "EXT 2010"]
[Source "ChessBase"]
[SourceDate "2010.11.25"]
[SourceVersion "1"]
[SourceVersionDate "2010.11.25"]
[SourceQuality "1"]
[WhiteTeam "Piremon"]
[BlackTeam "Hajduszoboszlo"]
[WhiteTeamCountry "HUN"]
[BlackTeamCountry "HUN"]

1. e4 e6 2. d4 d5 3. Nd2 Nf6 4. e5 Nfd7 5. f4 c5 6. c3 Nc6 7. Ngf3 Qb6 8. Nb3 a5 9. dxc5 Nxc5 10. Be3 a4 11. Nxc5 Bxc5 12. Bxc5 Qxc5 13. Nd4 1/2-1/2

[Event "HUN-chT2 Barcza 0809"]
[Site "Hungary"]
[Date "2008.10.26"]
[Round "1.12"]
[White "Sandor, Akos"]
[Black "Gerebenics, Peter"]
[Result "1/2-1/2"]
[WhiteElo "1669"]
[BlackElo "1982"]
[PlyCount "38"]
[EventDate "2008.10.26"]
[EventType "team-tourn"]
[EventRounds "11"]
[EventCountry "HUN"]
[SourceTitle "EXT 2010"]
[Source "ChessBase"]
[SourceDate "2010.11.25"]
[SourceVersion "1"]
[SourceVersionDate "2010.11.25"]
[SourceQuality "1"]
[WhiteTeam "Edeleny"]
[BlackTeam "Piremon"]
[WhiteTeamCountry "HUN"]
[BlackTeamCountry "HUN"]

1. e4 c5 2. Nf3 Nc6 3. d4 cxd4 4. Nxd4 e5 5. Nb3 Nf6 6. Bg5 h6 7. Bxf6 Qxf6 8. c3 d6 9. N1d2 Qg6 10. Qf3 Be7 11. Qg3 Bg5 12. Bc4 Be6 13. f3 Qf6 14. Qf2 Qg6 15. 0-0 0-0 16. Rad1 Kh8 17. Qe2 Rad8 18. Bxe6 Qxe6 19. Nc4 Rd7 1/2-1/2